000
00364nam a2200145Ia 4500
008
090124s9999 xx 000 0 und d
082
_b
9315
_a
1043
245
_a
मंगल-प्रभात
250
_a
4
260
_c
1957
300
_a
112
630
_a
मंगल-प्रभात
730
_a
मंगल-प्रभात
942
_c
BOOK
999
_c
123364
_d
123364